[Event "Gibraltar Masters 8th"]
[Site "Caleta"]
[Date "2010.02.04"]
[Round "10"]
[White "Vallejo Pons, Francisco"]
[Black "Adams, Michael"]
[Result "1/2-1/2"]
[WhiteElo "2705"]
[BlackElo "2694"]
[Annotator "CB"]
[PlyCount "75"]
[EventDate "2010.01.26"]
[EventType "swiss"]
[EventRounds "10"]
[EventCountry "GGB"]
[SourceTitle "CBM 134 Extra"]
[Source "ChessBase"]
[SourceDate "2010.03.03"]
[SourceVersion "1"]
[SourceVersionDate "2010.03.03"]
[SourceQuality "1"]

1. e4 e5 2. Nf3 Nc6 3. Bb5 a6 4. Ba4 Nf6 5. O-O Be7 6. Re1 b5 7. Bb3 O-O 8. c3
d5 {hace tiempo que el gambito Marshall dejó de ser una aventura (al menos
para los que estudian). Hoy en día la teoría se ha desarrollado más allá de la
jugada 20 en casi todas las líneas.} 9. exd5 Nxd5 10. Nxe5 Nxe5 11. Rxe5 c6 12.
Re1 Bd6 13. d4 Qh4 14. g3 Qh3 15. Qe2 Bd7 16. Qf1 Qf5 ({Otro camino es} 16...
Rae8 17. Qxh3 Rxe1+ 18. Qf1 Rfe8 19. Bd2 Rxf1+ 20. Kxf1 Nb6 21. Be3 Nd5 22. Bd2
Nb6 23. Be3 Nd5 24. a4 Nxe3+ 25. fxe3 Rxe3 26. axb5 axb5 27. Ra6 Bf8 28. Kf2
Re8 29. Nd2 c5 30. Nf3 c4 31. Bd1 {Leko,P (2756)-Jakovenko,D (2760)/Dortmund
2009 1/2-1/2 (44)}) 17. Be3 ({En un ejemplo muy reciente las blancas
prefirieron} 17. Nd2 Rae8 18. f3 Nf6 19. a4 c5 20. Rxe8 Rxe8 21. Ne4 Rxe4 22.
fxe4 Qxe4 23. Bf4 Bc6 24. d5 c4 25. Bxd6 Qxd5 26. Bd1 Qh1+ 27. Kf2 Qxh2+ 28.
Ke1 Qxb2 29. Ra3 Ne4 30. Qf4 Qg2 31. Be2 Qg1+ {condujo al jaque perpetuo en la
partida Dominguez Perez,L (2712)-Leko,P (2739)/Wijk aan Zee 2010}) 17... Rae8
18. Nd2 Re7 19. a4 $146 ({En el torneo de Londres Adams, que es uno de los
mejores especialistas en el Marshall, se encontró con} 19. Qg2 Rfe8 20. Qf3 Qg6
21. Bxd5 cxd5 22. a4 bxa4 23. Qxd5 h6 24. Nf3 Qf6 25. Ne5 Bxe5 26. dxe5 Qg6 27.
Qd6 Qf5 28. Bd4 Bc8 29. Re3 Bb7 30. e6 Rxe6 31. Rxe6 Qxe6 32. Qxe6 Rxe6 33. Be3
Rd6 {Ni Hua (2665)-Adams,M (2698)/London 2009}) 19... Rfe8 20. axb5 axb5 21.
Qg2 h5 22. Nf3 Be6 23. Nh4 Qf6 ({La alternativa es} 23... Qh7 24. Bd2 Qd3 25.
Bg5 f6 26. Rad1 Qh7 27. Bd2 g5 28. Nf3 Qg6 {con posición complicada}) 24. Bd2
Nf4 {Esta es la intención de 23...Qf6: empiezan las complicaciones} 25. Rxe6 $1
{las blancas entregan una calidad que las negras hacen bien en rechazar} Rxe6
$1 ({por supuesto} 25... Nxg2 $2 26. Rxf6 Nxh4 27. Rxd6 {pierde material}) ({
pero tampoco puede gustar a las negras} 25... Nxe6 $6 26. Qxc6) ({o bien} 25...
fxe6 $2 26. Qxc6 {donde las blancas tendrían gran ventaja}) 26. gxf4 Qxh4 27.
Bxe6 Rxe6 28. f5 Re4 29. h3 Bf4 $1 {la defensa más precisa} 30. Re1 $1 (30.
Qxe4 $4 Bh2+) 30... Rxe1+ 31. Bxe1 Kh7 $6 ({es más exacto} 31... Bc1 $1 32. b3
(32. Qxc6 Qg5+ 33. Kf1 Qxf5 {no ofrece nada a las blancas}) 32... Qf4 33. Qxc6
Qg5+ 34. Kf1 Qxf5 $11) 32. Kf1 $6 ({Las blancas podían ahora adelantarse a las
intenciones negras con la profiláctica} 32. b3 $1) 32... Bc1 $1 $11 33. b3 Qf4
34. Qxc6 Qxf5 35. Kg2 Qg5+ 36. Kf1 Qf5 37. Kg2 Qg5+ 38. Kf1 {y tablas.} 1/2-1/2

[Event "World Cup"]
[Site "Khanty-Mansiysk"]
[Date "2007.12.01"]
[Round "3.2"]
[White "Almasi, Zoltan"]
[Black "Jakovenko, Dmitrij"]
[Result "1/2-1/2"]
[WhiteElo "2691"]
[BlackElo "2710"]
[Annotator "CB"]
[PlyCount "62"]
[EventDate "2007.11.24"]
[EventType "k.o."]
[EventRounds "7"]
[EventCountry "RUS"]
[SourceTitle "CBM 122"]
[Source "ChessBase"]
[SourceDate "2008.01.30"]
[SourceVersion "1"]
[SourceVersionDate "2008.01.30"]
[SourceQuality "1"]

{Once again White was unable to do anything against the Marshall Attack.
Moreover, even such a strong theoretician as Almasi found himself in troubles.
} 1. e4 e5 2. Nf3 Nc6 3. Bb5 a6 4. Ba4 Nf6 5. O-O Be7 6. Re1 b5 7. Bb3 O-O 8.
c3 d5 9. exd5 Nxd5 10. Nxe5 Nxe5 11. Rxe5 c6 12. Re1 Bd6 13. g3 Re8 ({Usually
Black prefers here} 13... Qd7 {in order to transfer the queen to h3. But
Aronian said once about the Marshall Attack something like: "you should not
remember the precise variations, just to feel the position". Black has
sufficient compensation for the pawn and there is little to be done about that.
}) 14. Rxe8+ Qxe8 15. d4 Ra7 16. Nd2 Re7 17. Nf3 f6 18. Kg2 Bg4 19. h3 Bh5 20.
Bd2 Re2 21. g4 Bxg4 $1 22. hxg4 Qe4 23. Qh1 Rxd2 24. Re1 Qxg4+ 25. Kf1 Rxb2 26.
Bxd5+ cxd5 27. Ne5 Bxe5 28. Qxd5+ Kf8 29. dxe5 Qh3+ (29... Qc4+ {leads to a
ter rook endgame, but Jakovenko makes a draw in order to win the match.}) 30.
Kg1 Qg4+ 31. Kf1 Qh3+ 1/2-1/2

[Event "World Cup"]
[Site "Khanty-Mansiysk"]
[Date "2007.12.11"]
[Round "6.4"]
[White "Shirov, Alexei"]
[Black "Karjakin, Sergey"]
[Result "1-0"]
[WhiteElo "2739"]
[BlackElo "2694"]
[Annotator "CB"]
[PlyCount "139"]
[EventDate "2007.11.24"]
[EventType "k.o."]
[EventRounds "7"]
[EventCountry "RUS"]
[SourceTitle "CBM 122"]
[Source "ChessBase"]
[SourceDate "2008.01.30"]
[SourceVersion "1"]
[SourceVersionDate "2008.01.30"]
[SourceQuality "1"]

{In the second game it was again Karjakin who produced a novelty. The
Ukrainian grandmaster repeated the game Shirov-Jakovenko from the previous
round in Khanty-Mansiysk and tried to improve on move 18. Black got an endgame
where his bishop pair seemed to offer compensation for the pawn. Nevertheless
only White could play for a win and Shirov fully used his chances, showing a
great technique and squeezing a full point.} 1. e4 e5 2. Nf3 Nc6 3. Bb5 a6 4.
Ba4 Nf6 5. O-O Be7 6. Re1 b5 7. Bb3 O-O 8. c3 d5 9. exd5 Nxd5 10. Nxe5 Nxe5 11.
Rxe5 c6 12. d3 Bd6 13. Re1 Bf5 14. Qf3 Qh4 15. g3 Qh3 16. Bxd5 cxd5 17. Qxd5
Rad8 18. Qg2 Qxg2+ ({In Shirov,A (2739)-Jakovenko,D (2710)/Khanty-Mansiysk
2007 Black continued} 18... Qh5 19. Be3 Bxd3 20. Nd2 Bf5 21. Qc6 {but wasn't
able to prove sufficient compensation. Formore details about the variation and
the game see the report of the respective round.}) 19. Kxg2 Bxd3 20. Be3 Rfe8
21. Nd2 f6 22. Bb6 Rb8 23. Rxe8+ Rxe8 24. Nb3 Bc4 25. Rd1 Bf8 26. Be3 {With a
precise defense Black might be able to achieve a draw. But the question is
whether it makes sense to go straight from the opening into an worse endgame,
only hoping for a draw...} Kf7 27. Na5 Be6 28. a3 Rc8 29. f3 Rc7 30. Rd8 Rc8
31. Nb7 Rc7 32. Nd6+ Bxd6 ({Worse is} 32... Ke7 33. Ra8 {since after} Kxd6 {
White has} 34. Bf4+ {winning}) 33. Rxd6 Bc8 34. Kf2 Ke7 35. Rb6 Kd7 36. g4 Rc6
37. Rb8 g6 38. Ra8 Ke6 39. Bd4 h5 {White is a pawn up and has better pieces.
His plan is to advance the kingside pawns, trying to create weaknesses in
Black's pawn structure. As long as the rooks are on the board, the
opposite-coloured bishops don't make Black's life any easier.} 40. h4 $1 Ke7
41. Ra7+ Bd7 42. Kg3 Re6 43. Kf4 Ke8 44. gxh5 gxh5 45. Kf5 $1 Rd6+ 46. Kg6 {
Mission completed. Black has three week pawns. Besides, the difference between
the activity of the kings is obvious. Now White is winning.} Bc6 47. f4 Be4+
48. Kxh5 Rd5+ 49. Kh6 Rf5 50. Be3 Bf3 51. Kg6 Be4 52. Kg7 Rh5 53. Kxf6 Bd3 54.
Ra8+ Kd7 55. Ra7+ Kc6 56. Rxa6+ Kd5 57. Ra8 Rxh4 58. Rd8+ Ke4 59. Kg5 Rh2 60.
Bc5 Rg2+ 61. Kf6 Bc4 62. Rd4+ Kf3 63. a4 Rxb2 64. a5 Ra2 65. Bb4 Re2 66. f5 Re8
67. Rxc4 bxc4 68. Kg7 Re4 69. f6 Rg4+ 70. Kf8 {The general impression of the
tiebreak is that Karjakin came quite superficially prepared in the opening. In
spite of the fact that it was the Ukrainian who both times made new moves, it
turned out that in the end it was Shirov who got the better positions. The
Final between Kamsky and Shirov will consist of four games and will certainly
feature a high class and tense match. So far both players showed best chess in
Khanty-Mansiysk.} 1-0

[Event "Schach dem GM"]
[Site "Germany"]
[Date "2004.08.22"]
[Round "?"]
[White "Naiditsch, Arkadij"]
[Black "Kasimdzhanov, Rustam"]
[Result "1-0"]
[WhiteElo "2571"]
[BlackElo "2652"]
[Annotator "CB"]
[PlyCount "121"]
[EventDate "2004.08.??"]
[EventType "game"]
[EventRounds "1"]
[EventCountry "GER"]
[SourceTitle "EXT 2005"]
[Source "ChessBase"]
[SourceDate "2004.11.15"]
[SourceVersion "1"]
[SourceVersionDate "2004.11.15"]
[SourceQuality "1"]

1. e4 e5 2. Nf3 Nc6 3. Bb5 a6 4. Ba4 Be7 5. O-O Nf6 6. Re1 b5 7. Bb3 O-O 8. c3
d5 9. exd5 Nxd5 10. Nxe5 Nxe5 11. Rxe5 c6 12. d3 Bd6 13. Re1 Bf5 14. Qf3 Qh4
15. g3 Qh3 16. Bxd5 cxd5 17. Be3 Bxd3 18. Qxd5 Rad8 19. Qf3 $146 (19. Qg2 Qf5
20. Nd2 b4 21. Bd4 bxc3 22. bxc3 h6 23. a4 Rfe8 24. Qc6 {1/2-1/2 Grischuk,
A-Khalifman,A/Rethymnon 2003/CBM 98}) 19... f5 (19... b4 $5 {Steinbrueck}) 20.
Nd2 f4 21. Bd4 (21. Qd5+ Rf7 22. Bc5) 21... fxg3 22. Qd5+ Kh8 23. hxg3 Bf4 (
23... Bxg3 24. Bxg7+ Kxg7 25. Qg5+ Kh8 26. fxg3) 24. Qb7 Rxd4 25. cxd4 Bxd2 26.
Qf3 (26. Red1 Be3 $1) 26... Qf5 (26... Qf1+ $5 27. Kh2 (27. Rxf1) 27... Qxf2+
28. Qxf2 Rxf2+) 27. Qxf5 Bxf5 28. Re5 Kg8 29. Rd1 Bb4 30. Rc1 Bd6 31. Rd5 Bb8
32. Re1 h6 33. Re7 Bg4 34. f4 (34. f3 $5 {Fritz} Bc8 {Steinbrueck} (34... Rxf3
35. Re8+) (34... Bxf3 35. Rdd7)) 34... Kh7 35. Kf2 Rc8 36. Rb7 Be6 37. Rc5 Rd8
38. f5 Bxa2 39. f6 Rf8 40. Kg1 Bd6 41. Rxg7+ Kh8 42. Rc6 Rd8 43. Rxa6 Bd5 44.
Raa7 Bf8 45. Rgd7 Rxd7 46. Rxd7 Be6 47. Rb7 Kg8 48. Kf2 b4 49. Ke3 Bd5 50. Rd7
Be6 51. Rc7 Bd5 52. Ra7 Be6 53. Ra6 Kf7 54. Kf4 Bc4 55. Rb6 h5 $18 {Hier
endete die Aufzeichnung des Schiedsrichters, der fortan auf Legalitaet der
Zuege achten musste. In hochgradiger Zeitnot (weniger als 30 Sek pro Spieler)
verwertete Arkadij Naiditsch seine Gewinnstellung.} 56. Ke5 b3 57. d5 Bh6 58.
Rb7+ Kg6 59. d6 Bg5 60. Rg7+ Kh6 61. d7 {Kasimdhanov gab auf. Weiss 24
Sekunden Rest Schwarz 17 Sekunden Rest} 1-0

[Event "World Cup"]
[Site "Khanty-Mansiysk"]
[Date "2007.12.06"]
[Round "5.1"]
[White "Shirov, Alexei"]
[Black "Jakovenko, Dmitrij"]
[Result "1-0"]
[WhiteElo "2739"]
[BlackElo "2710"]
[Annotator "CB"]
[PlyCount "85"]
[EventDate "2007.11.24"]
[EventType "k.o."]
[EventRounds "7"]
[EventCountry "RUS"]
[SourceTitle "CBM 122"]
[Source "ChessBase"]
[SourceDate "2008.01.30"]
[SourceVersion "1"]
[SourceVersionDate "2008.01.30"]
[SourceQuality "1"]

{Shirov and Jakovenko met only six times before, all of the games being played
during the last two years. Alexey won two of these games, the others ended in
a draw. It was clear that today the Russian grandmaster will have a tough
starting game, also because yesterday he had a difficult tiebreak match versus
Aronian, while Shirov could rest.} 1. e4 {In their last encounter exactly one
month ago, Shirov started with 1.d4. That game ended in a draw.} e5 2. Nf3 Nc6
3. Bb5 a6 4. Ba4 Nf6 5. O-O Be7 6. Re1 b5 7. Bb3 O-O ({Jakovenko was also
unsuccessful with the Zaitsev Variation against Shirov:} 7... d6 8. c3 O-O 9.
h3 Re8 10. d4 Bb7 11. Ng5 Rf8 12. Nf3 Re8 13. a4 h6 14. Nbd2 Bf8 15. Bc2 exd4
16. cxd4 Nb4 17. Bb1 c5 18. d5 Nd7 19. Ra3 f5 20. g4 $1 f4 21. Nb3 c4 22. Bd2
a5 23. Nbd4 {and White converted his large advantage into a full point, Shirov,
A (2720)-Jakovenko,D (2671)/Lugo 2006.}) 8. c3 d5 {The famous Marshall Attack.}
9. exd5 Nxd5 10. Nxe5 Nxe5 11. Rxe5 c6 12. d3 Bd6 13. Re1 Bf5 14. Qf3 Qh4 15.
g3 Qh3 16. Bxd5 (16. Nd2 {is deeply analyzed and leads almost by force to a
draw.}) 16... cxd5 17. Qxd5 {Just like that. White takes the second pawn and
for the moment ignores development. Earlier White used to play 17.Be3 and 17.
Bf4.} Rad8 18. Qg2 Qh5 19. Be3 Bxd3 20. Nd2 Bf5 21. Qc6 {This variation for
White was introduced in practice by two young Dutch grandmasters just few
weeks ago. Shirov must have analyzed the position very well (yesterday?) and
probably his conclusion was that in spite of the bishop pair, it is not easy
for Black to create threats. The game confirmed such evaluation.} Be6 {With
the intention to transfer the bishop to the long diagonal. Shirov continues to
take pawns.} (21... Bh3 22. a4 (22. Bd4 Bb8 23. Re3 Rd6 24. Qb7 Bd7 25. Qf3 Bg4
26. Qg2 Bh3 27. Qf3 Bg4 28. Qg2 {1/2-1/2 Smeets,J (2538)-Khalifman,A (2632)/
Amsterdam 2007}) 22... Bb8 23. axb5 axb5 24. Ra5 Bd7 25. Qc5 Qg6 26. Qg5 Qd3
27. Bd4 f6 28. Qd5+ Kh8 29. Nb3 Rde8 30. Raa1 Bg4 31. Nc5 Rxe1+ 32. Rxe1 Qd2
33. Qe4 h5 34. Kg2 Bd6 35. h3 Bc8 36. Re2 Qg5 37. Ne6 Bxe6 38. Qxe6 Bb8 39. h4
Qg6 40. Qd5 {1-0 Stellwagen,D (2639)-Pashikian,A (2534)/Yerevan 2007}) 22. Qxa6
Qd5 ({After} 22... Bd5 {White continues in the same manner:} 23. Qxb5 Rb8 24.
Qd3 Rfd8 25. Bd4 Qh3 26. Qf1 {and with three extra pawns things are clear.})
23. Qb6 Bh3 24. f3 f5 $6 25. Qd4 $1 Qc6 26. Qh4 Bc5 ({It was better not to
give up the bishop and continue} 26... f4 {although White has an advantage:}
27. Qxh3 {The most "human" decision. There are other moves as well.} fxe3 28.
Ne4 Rde8 ({Black cannot take the pawn} 28... Rxf3 {in view of} 29. Ng5) 29.
Rad1 Bc5 30. Re2 {and Black doesn't have sufficient compensation for being two
pawns down.}) 27. Bd4 Bxd4+ 28. cxd4 Qc2 29. Red1 $1 ({Not with the other one:
} 29. Rad1 $2 Rfe8 $1 {and Black is okay}) 29... Qxb2 30. Qxh3 Qxd4+ (30...
Rxd4 31. Nb3 Rxd1+ 32. Rxd1 Qxa2 33. Nd4 {is also hopeless}) 31. Kh1 Rd5 32.
Qf1 Rfd8 33. Rac1 Qd3 34. Qe1 $1 {With the queen in front of the rooks the pin
is not so strong and Shirov rightly avoids the exchange.} ({After} 34. Qxd3 $2
Rxd3 35. Rc2 Kf7 36. Kg2 g5 37. f4 ({or} 37. Kf2 f4 $5 38. Rb2 R8d5 39. Ke2
Re3+ 40. Kf1 Red3 41. h4 h6) 37... g4 38. Kf2 R3d6 39. Rb2 Kg6 40. Ke2 Re6+ 41.
Kf2 Red6 {White cannot unpin the knight}) 34... h6 35. Kg2 Qa3 ({In case of} 
35... Kh7 36. Nb3 Qxd1 37. Rxd1 Rxd1 38. Qe6 {White will soon bring the knight
to the kingside, creating the decisive threats.}) 36. Nb1 $1 Qxa2+ 37. Kh3 b4
38. Qe6+ Kh7 39. Rc7 f4 {Because of the pin on the diagonal a2-g8 Black
couldn't take on d1.} 40. Qe4+ Kh8 41. Rxd5 Qxd5 (41... Rxd5 42. Rc8+ {mates})
42. Qxd5 Rxd5 43. Rc2 {The knight comes into play via d2 and therefore
Jakovenko resigned.} 1-0

[Event "Shanghai Masters"]
[Site "Shanghai"]
[Date "2010.09.08"]
[Round "6"]
[White "Shirov, Alexei"]
[Black "Aronian, Levon"]
[Result "1/2-1/2"]
[WhiteElo "2749"]
[BlackElo "2783"]
[Annotator "CB"]
[PlyCount "83"]
[EventDate "2010.09.03"]
[EventType "tourn"]
[EventRounds "6"]
[EventCountry "CHN"]
[EventCategory "21"]
[SourceTitle "CBM 138"]
[Source "ChessBase"]
[SourceDate "2010.09.17"]
[SourceVersion "1"]
[SourceVersionDate "2010.09.17"]
[SourceQuality "1"]

1. e4 e5 2. Nf3 Nc6 3. Bb5 a6 4. Ba4 Nf6 5. O-O Be7 6. Re1 b5 7. Bb3 O-O 8. c3
d5 9. exd5 Nxd5 10. Nxe5 Nxe5 11. Rxe5 c6 12. d4 Bd6 13. Re1 Qh4 14. g3 Qh3 15.
Be3 Bg4 16. Qd3 Rae8 17. Nd2 Qh5 18. Bc2 {Although there are certainly more
recent references, it is worth noting that the players are following their own
game from last year's Grand Slam Final, when Shirov had chosen 18.a4 and lost
after a blunder at the end. Despite the opening not being the culprit, nor had
it been inspiring, so White chooses a different line.} f5 19. f3 Bh3 20. Bf2
Nf4 21. gxf4 Bxf4 22. Bg3 Qg5 23. Bb3+ Kh8 24. Nf1 h5 25. Qc2 $146 (25. Rxe8
Rxe8 26. Bf7 Re7 27. Bxh5 Bxf1 28. Qxf1 Be3+ 29. Kh1 Qxh5 {was the previously
known line though only draws ensued.}) 25... h4 26. Qf2 Bxf1 27. Qxf1 hxg3 28.
Qh3+ Qh6 29. Qxh6+ gxh6 30. hxg3 Bxg3 31. Re6 Rxe6 32. Bxe6 Re8 33. Bxf5 Re2 {
#There really isn't much to say. The line has been pretty straightforward with
few alternatives. Black's rook on the 2nd, combined with the potential threat
of the h-pawn should White decide to stray with his bishop, ensure an easy
draw.} 34. a4 (34. Rb1 h5 35. Bd7 h4 36. Bxc6 h3 $11) 34... Rxb2 35. axb5 axb5
36. Ra6 h5 37. Rxc6 h4 38. Rb6 Kg7 39. Bd7 Be1 40. Rxb5 Rxb5 41. Bxb5 Bxc3 42.
d5 1/2-1/2

[Event "FIDE-Wch k.o."]
[Site "Groningen"]
[Date "1997.12.19"]
[Round "4.5"]
[White "Svidler, Peter"]
[Black "Adams, Michael"]
[Result "0-1"]
[WhiteElo "2660"]
[BlackElo "2680"]
[Annotator "ChessBase"]
[PlyCount "164"]
[EventDate "1997.12.09"]
[EventType "k.o."]
[EventRounds "7"]
[EventCountry "NED"]
[SourceTitle "CBM 063"]
[Source "ChessBase"]
[SourceDate "1998.03.26"]
[SourceVersion "1"]
[SourceVersionDate "1998.03.26"]
[SourceQuality "1"]

1. e4 e5 2. Nf3 Nc6 3. Bb5 a6 4. Ba4 Nf6 5. O-O Be7 6. Re1 b5 7. Bb3 O-O 8. c3
d5 9. exd5 Nxd5 10. Nxe5 Nxe5 11. Rxe5 c6 12. d3 Bd6 13. Re1 Qh4 14. g3 Qh3 15.
Re4 Qf5 16. Nd2 Qg6 17. Re1 Bg4 (17... h5 18. Nf3 Bg4 19. Nh4 Qf6 20. f3 Bh3
21. Bxd5 (21. Qd2 Rae8 22. Re4 Nf4 23. Qe3 Bd7 24. Bd2 Nh3+ 25. Kh1 g5 26. Ng2
Rd8 27. Rf1 Bf5 28. Qe2 Bc7 29. Ne3 Bc8 30. d4 Qg6 31. Nd1 Bf5 32. Re3 c5 33.
dxc5 g4 34. Bc1 Ng5 35. Nf2 Nxf3 36. Ne4 Kh8 37. Bc2 Rfe8 38. Rf2 Re6 39. b4
Rde8 40. Nd6 Bxd6 41. cxd6 Bxc2 42. d7 Rd8 43. Rxe6 fxe6 44. Qxc2 Qxc2 45. Rxc2
Rxd7 {0-1 Koch,J-Pinter,J/FRA-chT 1989/TD 89\03}) 21... cxd5 22. Be3 g5 23. Bd4
Qh6 24. Ng2 Rae8 25. Ne3 Be6 26. Qb3 f5 27. Nxd5 f4 28. gxf4 Qg6 29. c4 Qf5 30.
Be5 Bxd5 31. cxd5 Bxe5 32. fxe5 Rxe5 33. d4 Rxe1+ 34. Rxe1 g4 35. d6+ Kh8 36.
Qe6 Qxf3 37. Qh6+ Kg8 38. Qg6+ Kh8 39. Qxh5+ Kg8 40. Qg6+ Kh8 41. Qh6+ Kg8 42.
Qe3 {Brunner,L-Wahls,M/Altensteig 1989/CBM 14/1-0 (62)}) (17... Bc7 18. Nf3 Bg4
19. Nh4 Qh5 20. f3 Bh3 21. Qe2 Rad8 22. d4 f5 23. f4 Qxe2 24. Rxe2 Rfe8 25.
Rxe8+ Rxe8 26. Kf2 Bg4 27. Be3 Kf8 28. Re1 Bd8 29. Ng2 Nf6 30. d5 cxd5 31. Bd4
Rxe1 32. Kxe1 Ke7 33. Ne3 Kd6 34. Be5+ Kc6 35. Bxf6 Bxf6 36. Bxd5+ Kd6 37. Bg2
g5 38. h3 gxf4 39. gxf4 Bh5 40. Nxf5+ Kc5 41. Kf2 b4 42. Ng3 {1-0 Smagin,
S-Malaniuk,V/URS-ch53 1986/URS-ch}) 18. f3 Bh3 (18... Bf5 19. Ne4 Bxe4 20. fxe4
Bxg3 21. Re2 Nf4 22. Bxf4 Bxf4+ 23. Rg2 Qh6 24. Qg4 Kh8 25. Rf1 g5 26. Qf5 Rae8
27. d4 c5 28. Kh1 c4 29. Bc2 Qe6 30. e5 Qxf5 31. Bxf5 Re7 32. Re2 Rd8 33. Rfe1
Rde8 34. Kg2 Kg7 35. Kf3 f6 36. Bd7 fxe5 37. Bxe8 Rxe8 38. dxe5 Re6 39. h4 h6
40. Kg4 Kg6 41. h5+ Kf7 42. Kf5 Ke7 43. Rd1 Rc6 44. Rd5 Bc1 45. e6 {1-0 Mrva,
M-Betko,L/CSR-ch 1992/TD 92\10}) (18... Bh5 19. Ne4 Rae8 20. Kg2 Bb8 21. Bd2 f5
22. Nf2 Kh8 23. Bxd5 cxd5 24. d4 f4 25. g4 Bxg4 26. Nxg4 h5 27. Qb1 Qg5 28. h4
Qxh4 29. Nh2 Re3 30. Qd1 Rfe8 31. Kh1 Rxe1+ 32. Bxe1 Qh3 33. Bd2 g5 34. Qf1 Qf5
35. Re1 Rg8 36. Qe2 g4 37. Qe6 Qg5 38. Qe7 Qxe7 39. Rxe7 g3 40. Re6 Kh7 41.
Rxa6 gxh2 42. Kxh2 Re8 43. Kh3 Re2 44. Bc1 Rc2 45. Rb6 Bc7 46. Rb7 Rxc1 47.
Rxc7+ Kg6 48. Rc5 Rh1+ 49. Kg2 Rb1 50. Rxb5 Kg5 51. a4 Kh4 52. a5 Rc1 53. a6
Rc2+ 54. Kf1 Kg3 55. Rb3 h4 56. a7 h3 57. a8=Q Rf2+ 58. Ke1 Rg2 59. Qg8+ Kh2
60. Rb8 {1-0 Georgiev,K-Bryson,D/Dubai olm 1986/TD 86\02}) 19. Ne4 Bc7 20. Be3
Kh8 21. Qd2 h6 22. Kh1 Rfe8 23. Bd4 Kg8 24. a4 Rad8 25. axb5 axb5 26. Nf2 Be6
27. Ne4 Qf5 28. Qf2 Ra8 29. Rxa8 Rxa8 30. Nc5 Re8 31. Nxe6 Rxe6 32. Re4 Qg5 33.
Rxe6 fxe6 34. Qe2 Kf7 35. f4 Qf5 36. Bc2 Nf6 37. Bb3 h5 38. Qf3 Nd5 39. Kg2 h4
40. Bd1 g6 41. Qe4 Bd6 42. Bf3 hxg3 43. hxg3 Ke7 44. Bf2 Kd7 45. Qd4 c5 46.
Qg7+ Be7 47. Be4 Qg4 48. Qf7 Nf6 49. Bf3 $2 (49. Qxg6 Qe2 50. f5 $18) (49. Bxg6
Qe2 50. f5 $18) 49... Qf5 50. d4 c4 51. Qg7 Qc2 52. Qh8 Ne4 53. Bxe4 Qxe4+ 54.
Kg1 Qb1+ 55. Kg2 Qxb2 56. Qa8 Qb1 57. Qb7+ Ke8 58. Qc6+ Kf7 59. Qb7 b4 60. g4
b3 61. Bh4 Qc2+ 62. Kh3 (62. Kh1 Qd1+ 63. Kg2 Qe2+ 64. Kh3 Qf1+ 65. Kh2 Qxf4+
$19) 62... Qxc3+ 63. Kg2 Qd2+ 64. Kf3 Qd1+ 65. Kf2 Qxd4+ 66. Ke2 Qd3+ 67. Kf2
Qd2+ 68. Kf3 Qb4 69. Qc7 b2 70. Bxe7 Qxe7 71. Qb6 c3 72. Ke3 Qd7 73. f5 gxf5
74. gxf5 exf5 75. Kf4 Qd2+ 76. Ke5 Qe2+ 77. Kxf5 Qd3+ 78. Ke5 b1=Q 79. Qe6+ Kg7
80. Qf6+ Kg8 81. Qe6+ Kf8 82. Qf6+ Ke8 0-1